|
|
|
|
| LEADER |
00850cam a2200217 7i4500 |
| 001 |
0000028030 |
| 005 |
20121226090000.0 |
| 020 |
0 |
0 |
|a 9789671073407
|
| 090 |
0 |
0 |
|a M 641.583025
|b PAL
|
| 110 |
2 |
0 |
|a The Palm Oil Refiners Association of Malaysia (PORAM)
|
| 245 |
2 |
0 |
|a PORAM directory 2012.
|
| 260 |
0 |
0 |
|a Kelana Jaya, Selangor:
|b PORAM,
|c 2012.
|
| 300 |
# |
# |
|a 170 p.
|
| 650 |
0 |
0 |
|a Palm oil industry --
|x Directories --
|z Malaysia
|
| 651 |
0 |
0 |
|a Malaysia
|
| 999 |
|
|
|a JHR000333B
|b Book
|c Malaysia
|e MATRADE Southern Regional Office
|
| 999 |
|
|
|a B000031375
|b Directories
|c Malaysia
|e Business Information Centre
|
| 999 |
|
|
|a PNG001042B
|b Book
|c Malaysia
|e MATRADE Northern Regional Office
|
| 999 |
|
|
|a SBH001010B
|b Book
|c Malaysia
|e MATRADE Sabah
|
| 999 |
|
|
|a SRW000437B
|b Book
|c Malaysia
|e MATRADE Sarawak
|
| 999 |
|
|
|a TRG000319B
|b Book
|c Malaysia
|e MATRADE Eastern Regional Office
|